000 00647nam a22002057a 4500
999 _c157684
_d157684
005 20181008144023.0
010 _aENG-124046
020 _a9789353161569
_c599.00
035 _aEN-107578
037 _bDBAD/PUB.
082 _a005.133076
100 _aSierra, Kathy
245 _aOCA java SE 8 programmer I exam guide (exam. IZ0-808) /
_bby Kathy Sierra [and] Bert Bates
260 _bTata McGraw Hill
_c2018
_aNew Delhi
270 _aP-24, Green Park Extnsion
_bNew Delhi
_e110016
300 _axxxvii,437
_c24cm(pbk)
_bill.
500 _aIt includes index
700 _aBates, Bert
942 _2ddc
_cEN
_mSIE
_h005.133076